|
|
|
|
| LEADER |
01444nam a22003017a 4500 |
| 001 |
37536 |
| 003 |
BD-DhAAL |
| 008 |
211005t20102007 xxka 000 0 eng d |
| 999 |
|
|
|c 41880
|d 41880
|
| 020 |
|
|
|a 9780198570493 (pbk.)
|
| 020 |
|
|
|a 019857049X (pbk.)
|
| 040 |
|
|
|a BD-DhAAL
|
| 082 |
|
|
|a 004.1
|2 21
|
| 100 |
|
|
|a Kaye, Phillip
|9 42160
|
| 245 |
|
|
|a An introduction to quantum computing /
|c Phillip Kaye, Raymond Laflamme, Michele Mosca
|
| 260 |
|
|
|a Oxford :
|b Oxford University Press,
|c c2007 [repined 2010].
|
| 300 |
|
|
|a xi, 274 pages :
|b illustrations ;
|c 22 cm.
|
| 504 |
|
|
|a Includes bibliographical references (pages 260-269) and index.
|
| 526 |
|
|
|a CSE
|
| 541 |
|
|
|a Trim Education
|e 37536, 37537
|
| 650 |
|
|
|a Quantum computers.
|9 42161
|
| 650 |
|
7 |
|a Computer science.
|9 42162
|
| 700 |
|
|
|a Laflamme, Raymond
|9 42163
|
| 700 |
|
|
|a Mosca, Michele
|9 42164
|
| 852 |
|
|
|a Ayesha Abed Library
|c General Stacks
|
| 942 |
|
|
|2 ddc
|c BK
|
| 952 |
|
|
|0 0
|1 0
|2 ddc
|4 0
|6 004_100000000000000_KAY
|7 0
|9 69383
|a BRACUL
|b BRACUL
|c GEN
|d 2021-09-13
|e Trim Education
|g 3790.00
|l 3
|m 89
|o 004.1 KAY
|p 3010037536
|q 2025-10-30
|r 2023-10-30
|s 2023-10-30
|t 1
|v 3790.00
|w 2021-09-13
|y BK
|x Received during the COVID -19 outbreak vacation
|
| 952 |
|
|
|0 0
|1 0
|2 ddc
|4 0
|6 004_100000000000000_KAY
|7 0
|9 69384
|a BRACUL
|b BRACUL
|c GEN
|d 2021-09-13
|e Trim Education
|g 3790.00
|l 5
|m 68
|o 004.1 KAY
|p 3010037537
|r 2025-10-26
|s 2025-05-22
|t 2
|v 3790.00
|w 2021-09-13
|y BK
|x Received during the COVID -19 outbreak vacation
|